000 03018 a2200325 4500
001 41308
005 20260407155707.0
008 260407a2015 arg spa d
003 AR-UNSa-BCEJYS
040 _aAR-UNSa-BCEJYS
_bspa
_cAR-UNSa-BCEJYS
080 _a347.1/7(094.4)
_xCódigo Civil y Comercial
245 1 0 _aNuevo Código Civil y Comercial de la Nación
_pContratos en particular. Primera parte
264 1 _aBuenos Aires :
_bErreius
_c2015
300 _a107 p.
_c26 cm.
505 _aVol. I: 1. Las cláusulas que pueden ser agregadas al contrato de compraventa en el Código Civil y Comercial / Raúl Schiavino - 2. El contrato de permuta en el Código Civil y Comercial / Elisa G. Romano y Manuel J. Negrón Mansilla - 3. El contrato de suministro en el Código Civil y Comercial / Estela M. Ferreirós - 4. El contrato de locación en el Código Civil y Comercial / Bartolomé A. Orfila - 5. Régimen de contrato de leasing en el Código Civil y Comercial / Manuel A. Améndola - 6. El contrato de transporte en el Código Civil y Comercial / Ethel Humphreys - 7. El contrato de mandato en el Código Civil y Comercial / Elisa G. Romano y Manuel J. Negrón Mansilla - 8. El contrato de corretaje en el Código Civil y Comercial, la jurisprudencia de los tribunales comerciales y la legislación vigente en la materia / Angel M. González - 9. El contrato de depósito en el Código Civil y Comercial / Elisa G. Romano y Claudia I. Iglesias - 10. Algunas consideraciones en torno al contrato de medicina prepaga a la luz del Código Civil y Comercial / Paola A. Urbina - Vol. II: 1. Contratos bancarios con consumidores y usuarios en el Código Civil y Comercial / Carlos E. Tambusi - 2. La regulación de la cuenta corriente en el Código Civil y Comercial / Augusto H. Arduino - 3. El agente de comercio / Juan C. Fernández Madrid - 4. El contrato de concesión mercantil en el Código Civil y Comercial /Rodolfo G. Papa - 5. El contrato de mutuo en el Código y Comercial / Magdalena B. Giavarino - 6. La donación como contrato a la luz del Código Civil y Comercial / José A. Barbón Lacambra - 7. Algunas consideraciones en torno a la cesión de derechos y la cesión de la posición contractual en el Código Civil y Comercial / Silvia Pfarherr y Verónica S. Fernández - 8. El fideicomiso de garantía en el Código Civil y Comercial / Eduardo Barreira Delfino - 9. La constitución de la sociedad anónima unipersonal / Bernardo P. Carlino
041 _aspa
942 _cBK
590 _aniveau_biblio:m niveau_hierar:0
100 1 _aRomano, Elisa G.
700 1 _aSchiavino, Raúl
700 1 _aNegrón Mansilla, Manuel J.
700 1 _aFerreirós, Estela M.
700 1 _aOrfila, Bartolomé A.
700 1 _aAméndola, Manuel Alejandro
700 1 _aHumphreys, Ethel
700 1 _aGonzález, Angel M.
700 1 _aIglesias, Claudia I.
700 1 _aUrbina, Paola A.
856 4 1 _uhttps://biblioeco.unsa.edu.ar/pmb/images/libros/E00021.jpg
_yImagen de portada
_qimage/jpeg
999 _c3452
_d3452